| 000 | 01049nam a2200361Ia 4500 | ||
|---|---|---|---|
| 001 | dia_3419 | ||
| 003 | CHAP | ||
| 005 | 20230518122620.0 | ||
| 008 | 220117s1975 xx 000 0 und d | ||
| 010 | _a173882 | ||
| 040 | _cCHAP | ||
| 082 | _a638.1 P76 1975 | ||
| 110 |
_aGómez Gómez, Hnos. _9154651 |
||
| 245 |
_aProduzca miel de abeja / _c edición Hnos. Gómez Gómez |
||
| 250 | _a2a ed. | ||
| 260 |
_aMéxico : _b Gómez Gómez Hnos., _c1975 |
||
| 300 | _a96 p. | ||
| 503 | _aC/e | ||
| 590 | _aSF531.5 P76 1975 | ||
| 650 |
_aApiaries _9147736 |
||
| 650 |
_aApicultura _96241 |
||
| 650 |
_aApiculture _9147737 |
||
| 650 |
_aBeehives _9147751 |
||
| 650 |
_aColmenares _9147738 |
||
| 650 |
_aColmenas _925339 |
||
| 650 |
_aHoney and bee products _9147752 |
||
| 650 |
_aMiel y productos fabricados por abejas _9143229 |
||
| 700 |
_aGómez Gómez. Hnos, ed. _9154652 |
||
| 901 | _a638.1 P76 1975 | ||
| 902 | _aM | ||
| 905 | _a5232271975 MX A 8222223322SPA16 | ||
| 942 |
_cLIBRO _2ddc |
||
| 999 |
_c173882 _d173882 |
||